000 00730nam a2200241Ia 4500
003 OSt
005 20220923224603.0
006 a|||||r|||| 00| 0
007 ta
008 Pun
020 _c100
024 _a243,745
037 _b305, 08/10/2010, H.K. Prakashan
_cTextual
040 _aARTS
_cARTS
_bPun
041 _2Pun
_aPun
082 _aP153, P5
100 _aਗਿੱਲ, ਦਰFਨ, ਥਦ.
245 0 _aਪੰਜਾਬੀ ਭਾFਾ
_b ਕੋਮਾਂਤਰੀ ਪਰਿਪੇਖ
260 _aਲੁਧਿਆਣਾ
_b ਚੇਤਨਾ
_c2005
300 _a115ਪੰ
_ccm.
942 _hP153, P5
_cTEXL
_2CC
999 _c372357
_d372357